000 00616nam a22001697a 4500
005 20251108164916.0
008 250721s1973 xx 000 0 ara d
082 1 4 _a648.7/إبر
100 1 _aجعبوب، إبراهيم علي حسن
245 1 0 _aالحشرات المنزلية :
_bعلاقتها بصحة الإنسان و الحيوان و أثرها على المواد المخزونة /
264 1 _aالإسكندريه :
_bدار المطبوعات الجديدة،
_c1973.
300 _a326ص
650 1 7 _aالصحة المنزلية
650 1 7 _aالصحة
942 _2ddc
_cBK
999 _c17192
_d17192